Países em ordem alfabética - Statistics

Estatísticas Gerais
  • Esse quiz foi jogado 3 139 vezes
  • A pontuação média é 44 de 196
Estatísticas das Respostas
Hint Resposta % Correto
A Afeganistão
91%
Á África do Sul
71%
A Albânia
70%
A Alemanha
69%
A Andorra
62%
A Angola
57%
A Argentina
57%
Á Áustria
57%
A Azerbaijão
56%
A Antígua e Barbuda
55%
A Austrália
55%
A Armênia
54%
A Argélia
53%
B Bahamas
50%
A Arábia Saudita
47%
B Bahrein
46%
B Bangladesh
43%
B Barbados
43%
B Brasil
43%
B Belize
41%
B Bélgica
40%
D Dinamarca
40%
B Butão
39%
B Bolívia
38%
B Brunei
37%
B Botswana
36%
B Burundi
36%
B Benim
35%
B Bósnia e Herzegovina
35%
C Canadá
35%
D Djibouti
35%
B Bielorrússia
34%
B Búlgaria
34%
C Camarões
34%
B Burkina Faso
33%
D Dominica
33%
H Honduras
33%
C Camboja
32%
F Finlândia
31%
H Haiti
31%
Z ZImbábue
31%
C Cabo Verde
30%
C Cazaquistão
30%
C Chile
30%
Z Zâmbia
30%
C China
29%
C Colômbia
29%
F França
29%
O Omã
29%
F Fiji
28%
J Jamaica
28%
J Jordânia
28%
K Kuweit
28%
C Catar
27%
C Cuba
27%
F Filipinas
27%
H Hungria
27%
K Kiribati
27%
K Kosovo
27%
C Comores
26%
C Costa Rica
26%
C Chade
25%
C Chipre
25%
C Coreia do Norte
25%
C Coreia do Sul
25%
C Costa do Marfim
25%
E Espanha
25%
G Gabão
25%
J Japão
25%
C Croácia
24%
E Egito
24%
Q Quênia
24%
E Eritreia
23%
E Estônia
23%
G Gâmbia
23%
G Gana
23%
L Laos
23%
V Vaticano
23%
E El Salvador
22%
E Equador
22%
E Eslováquia
22%
E Eslovênia
22%
E Estados Unidos
22%
G Guiana
22%
G Guiné
22%
G Guiné-Bissau
22%
G Guiné Equatorial
22%
Q Quirguistão
22%
U Uzbequistão
22%
V Vanuatu
22%
E Emirados Árabes Unidos
21%
E Etiópia
21%
V Venezuela
21%
E Essuatíni
20%
G Guatemala
20%
I Iémen
20%
I Índia
20%
L Letônia
20%
U Uganda
20%
G Grécia
19%
I Indonésia
19%
U Uruguai
19%
G Geórgia
18%
L Lituânia
18%
V Vietname
18%
G Granada
17%
I Irlanda
17%
I Islândia
17%
I Itália
17%
M Macedônia do Norte
17%
I Ilhas Marshall
16%
I Irã
16%
I Iraque
16%
I Israel
16%
L Lesoto
16%
L Líbia
16%
L Luxemburgo
16%
N Namíbia
16%
N Nauru
16%
P Palau
16%
L Líbano
15%
L Libéria
15%
M Madagáscar
15%
N Noruega
15%
P Paraguai
15%
U Ucrânia
15%
L Liechtenstein
14%
N Nicarágua
14%
P Paquistão
14%
P Portugal
14%
R Ruanda
14%
T Tuvalu
14%
M Mali
13%
M Marrocos
13%
M Mauritânia
13%
N Nepal
13%
N Niger
13%
N Nigéria
13%
P Peru
13%
P Polônia
13%
R Rússia
13%
T Turquia
13%
M Malásia
12%
M Malawi
12%
M Malta
12%
M México
12%
N Nova Zelândia
12%
P Países Baixos
12%
P Panamá
12%
S Samoa
12%
T Tailândia
12%
T Turquemenistão
12%
M Maldivas
11%
M Maurícia
11%
M Mônaco
11%
M Montenegro
11%
R Romênia
11%
M Moldávia
10%
M Mongólia
10%
S Suriname
10%
T Tanzânia
10%
T Tunísia
10%
M Moçambique
9%
P Papua Nova Guiné
9%
R República Democrática do Congo
9%
S Santa Lúcia
9%
S Suécia
9%
S Suíça
9%
T Taiwan
9%
T Tajiquistão
9%
T Togo
9%
T Tonga
9%
M Micronésia
8%
M Myanmar
8%
R Reino Unido
8%
R República Centro-Africana
8%
R República Checa
8%
R República do Congo
8%
R República Dominicana
8%
S São Cristóvão e Nevis
8%
S São Tomé e Princípe
8%
S São Vicente e Granadinas
8%
S Senegal
8%
S Somália
8%
S Sudão
8%
S Sudão do Sul
8%
P Palestina
7%
S San Marino
7%
S Sérvia
7%
S Seychelles
7%
T Timor-Leste
7%
T Trinidad e Tobago
7%
S Serra Leoa
6%
S Sri Lanka
6%
S Singapura
5%
S Síria
4%
Nenhum quiz correspondente encontrado
Distribuição das Pontuações
Porcentagem de Pessoas com Cada Pontuação
Percentil de Números Respondidos
Sua Pontuação Histórica
Você não jogou esse quiz